[Event "ICS Rated blitz match"]
[Site "207.99.83.229"]
[Date "1999.06.30"]
[Round "?"]
[White "Amateur"]
[Black "Hossa"]
[Result "1-0"]
[WhiteElo "2480"]
[BlackElo "2420"]
[PlyCount "65"]

1. e4 c5 2. Nf3 Nc6 3. d4 cxd4 4. Nxd4 e5 5. Nb5 d6 6. c4 Be7 7. N1c3 a6 8. Na3
Be6 9. Bd3 Nf6 10. Nd5 O-O 11. Be3 Bxd5 12. exd5 Nb4 13. Bf5 b5 14. Qb3 a5 15.
Nxb5 Rb8 16. a3 Na6 17. O-O Nc7 18. Rad1 Rb7 19. Rfe1 Rb8 20. Rd2 g6 21. Bh3
Ne4 22. Rc2 Nxb5 23. cxb5 Ng5 24. Bxg5 Bxg5 25. Re4 Bh6 26. Rc6 Bg5 27. b6 Ra8
28. b7 Rb8 29. Rec4 Qe7 30. Rc7 Qf6 31. Qb6 Bh6 32. Rc8 Rxb7 33. Rxf8+ {
Hossa resigns} 1-0

[Event "ICS Rated standard match"]
[Site "207.99.83.229"]
[Date "1999.06.30"]
[Round "?"]
[White "Hossa"]
[Black "OHFish"]
[Result "1-0"]
[WhiteElo "2230"]
[BlackElo "1911"]
[PlyCount "68"]

1. e4 e5 2. Nf3 d5 3. exd5 e4 4. Qe2 Bf5 5. Nc3 Nf6 6. Nd4 g6 7. Nxf5 gxf5 8.
Qb5+ Nbd7 9. Qxb7 Rb8 10. Qxa7 Bc5 11. Qa4 Rb4 12. Qa5 O-O 13. Bb5 Re8 14. Na4
Rxa4 15. Qxa4 Nb6 16. Qb3 Re5 17. c4 Ng4 18. O-O f4 19. Qh3 f5 20. a4 c6 21.
dxc6 Qd4 22. Qc3 Qd8 23. h3 Nxf2 24. Qxe5 Nd3+ 25. Qxc5 Nxc5 26. a5 Qd4+ 27.
Kh2 Nc8 28. Ra3 Nd3 29. Rc3 Qg7 30. Rxd3 exd3 31. b4 Nd6 32. Rf3 Qe5 33. c7 Nc8
34. c5 34... Qe2 {OHFish resigns} 1-0

[Event "ICS Rated standard match"]
[Site "207.99.83.229"]
[Date "1999.06.30"]
[Round "?"]
[White "OHFish"]
[Black "Hossa"]
[Result "0-1"]
[WhiteElo "1907"]
[BlackElo "2234"]
[PlyCount "67"]

1. e4 c5 2. Nf3 d6 3. c4 Nf6 4. Nc3 e5 5. a3 Be7 6. b4 Nc6 7. b5 Nd4 8. d3
Nxf3+ 9. gxf3 O-O 10. a4 a6 11. Be3 Qa5 12. Rc1 axb5 13. axb5 Nd7 14. Bh3 f5
15. Bxf5 Kh8 16. O-O Nb6 17. Bxc8 Raxc8 18. Bd2 Nd7 19. Ra1 Qd8 20. Nd5 Nf6 21.
Ra7 Nxd5 22. exd5 Qb6 23. Ra3 Bh4 24. Qa1 Qd8 25. Kh1 Rxf3 26. Be3 Qf8 27. Ra2
Rh3 28. Qd1 Qf5 29. Rg1 Rf3 30. Rg2 Rg8 31. Qg1 Qxd3 32. Rxg7 Rff8 33. Rg3 Bxg3
34. hxg3 {OHFish resigns} 0-1

[Event "ICS Rated blitz match"]
[Site "207.99.83.229"]
[Date "1999.06.30"]
[Round "?"]
[White "Hossa"]
[Black "Amateur"]
[Result "0-1"]
[WhiteElo "2407"]
[BlackElo "2458"]
[PlyCount "103"]

1. e4 e6 2. Nc3 Nc6 3. Nf3 Nf6 4. e5 Ng4 5. d4 Ne7 6. h3 Nh6 7. Bxh6 gxh6 8.
Qd2 Rg8 9. O-O-O h5 10. Ne4 Nd5 11. c4 f5 12. Nc5 Rg6 13. Kb1 Nb6 14. Qa5 Be7
15. Rg1 d5 16. exd6 Bxd6 17. Qe1 Qe7 18. Nb3 Bb4 19. Qe5 Rg8 20. c5 Na4 21. Rc1
Bd7 22. Rc4 a5 23. Qxc7 Bc6 24. Qxe7+ Kxe7 25. Nbd2 Rad8 26. Ne5 Nxb2 27. Rxb4
axb4 28. Kxb2 Rxd4 29. Nb3 Re4 30. Nd3 Bb5 31. Nbc1 Rd8 32. Kb1 h4 33. Kb2 Kf6
34. Kb3 e5 35. f4 exf4 36. Kc2 Rc4+ 37. Kb2 Re4 38. Kb1 Re3 39. Kc2 f3 40. Kd2
f2 41. Rh1 Re1 42. Kc2 Rd4 43. Kd2 Bc6 44. Ne2 Rxd3+ 45. Kxd3 Bxg2 46. Rh2 Rxf1
47. Ke3 Bd5 48. Rxf2 Rxf2 49. Kxf2 Bxa2 50. Nf4 Bc4 51. Ke3 Ke5 52. Ng2 {
Hossa resigns} 0-1

[Event "ICS Rated blitz match"]
[Site "207.99.83.229"]
[Date "1999.06.30"]
[Round "?"]
[White "izirom"]
[Black "Hossa"]
[Result "1-0"]
[WhiteElo "2041"]
[BlackElo "2393"]
[PlyCount "129"]

1. e4 c5 2. Nf3 d6 3. d4 cxd4 4. Nxd4 Nf6 5. Nc3 a6 6. Bg5 Nbd7 7. f4 e6 8. Qf3
Be7 9. Bc4 Nb6 10. Bb3 O-O 11. O-O-O Nbd7 12. Kb1 Qc7 13. g4 Nc5 14. Bxf6 Bxf6
15. g5 Bxd4 16. Rxd4 f5 17. exf5 Nxb3 18. axb3 Rxf5 19. Qd3 d5 20. Ne2 Bd7 21.
Qe3 a5 22. Ng3 Rff8 23. Re1 Qc6 24. Qe5 Kh8 25. h4 Rac8 26. Re2 Qc7 27. h5 b6
28. Qe3 Bb5 29. Rh2 Qd6 30. h6 g6 31. Rf2 Rc7 32. Rdd2 Qc6 33. Ne2 Bxe2 34.
Rfxe2 Re7 35. Qd4+ Kg8 36. Re5 Ref7 37. Rf2 Qd6 38. c3 Qc6 39. Qe3 Qb5 40. Rxe6
Qxb3 41. Rf1 b5 42. Re7 Qc4 43. Re1 a4 44. Rxf7 Qe4+ 45. Qxe4 dxe4 46. Rxf8+
Kxf8 47. Rxe4 Kf7 48. Rb4 Ke6 49. Rxb5 Kd6 50. Ka2 Kc6 51. Re5 Kd6 52. Ka3 Kd7
53. Kxa4 Kd6 54. b4 Kd7 55. b5 Kd6 56. Ka5 Kd7 57. b6 Kd6 58. Ka6 Kc6 59. b7
Kd6 60. b8=Q+ Kd7 61. Qb7+ Kd6 62. Qd5+ Kc7 63. Re7+ Kc8 64. Qd7+ Kb8 65. Qb7#
{Hossa checkmated} 1-0

[Event "ICS rated blitz match"]
[Site "207.99.83.229"]
[Date "1999.06.30"]
[Round "?"]
[White "Hossa"]
[Black "miitrei"]
[Result "1-0"]
[WhiteElo "2365"]
[BlackElo "2275"]
[PlyCount "76"]

1. e4 c5 2. Nf3 d6 3. d4 cxd4 4. Nxd4 Nf6 5. Nc3 Nc6 6. Bg5 e6 7. Qd2 a6 8.
O-O-O h6 9. Nxc6 bxc6 10. Bf4 d5 11. Bd3 Be7 12. Be2 O-O 13. Qe3 Re8 14. Qg3
Kh8 15. e5 Nd7 16. Bh5 Rf8 17. Qe3 Bg5 18. Bxg5 Qxg5 19. Qxg5 hxg5 20. h4 Nxe5
21. hxg5 Kg8 22. Rd4 Ng6 23. Bxg6 fxg6 24. f3 e5 25. Rb4 a5 26. Rb6 Ra6 27. Rb8
Bd7 28. Rxf8+ Kxf8 29. Re1 d4 30. Na4 Bf5 31. Rxe5 Ra7 32. Rc5 Bd7 33. Nb6 Be8
34. a4 Kf7 35. Nc4 Ke6 36. Rxa5 Rb7 37. Re5+ Kd7 38. Rxe8 38... Kxe8 {
miitrei resigns} 1-0

[Event "ICS Rated blitz match"]
[Site "207.99.83.229"]
[Date "1999.06.30"]
[Round "?"]
[White "Hossa"]
[Black "Lundbotanmats"]
[Result "1-0"]
[WhiteElo "2382"]
[BlackElo "2162"]
[PlyCount "74"]

1. e4 e6 2. d4 d5 3. Nd2 c5 4. exd5 Qxd5 5. Ngf3 cxd4 6. Bc4 Qd6 7. O-O Nc6 8.
Nb3 Bd7 9. Qe2 Nf6 10. Rd1 Qc7 11. Nbxd4 Nxd4 12. Nxd4 Bc5 13. a4 O-O 14. Bg5
Nd5 15. Qe4 Bc6 16. Bd3 g6 17. Nxc6 bxc6 18. Qh4 Be7 19. Bxe7 Qxe7 20. Qh6 Rad8
21. Be4 f5 22. Bf3 e5 23. c4 Nb4 24. Rxd8 Rxd8 25. Rf1 e4 26. Be2 Nd3 27. b3
Nc5 28. Bd1 Rd4 29. b4 Nd3 30. b5 c5 31. a5 Rxc4 32. Bb3 Qe6 33. b6 axb6 34.
axb6 Kh8 35. Qf8+ Qg8 36. Qxg8+ Kxg8 37. Bxc4+ 37... Kf8 {Lundbotanmats resigns
} 1-0

[Event "ICS Rated blitz match"]
[Site "207.99.83.229"]
[Date "1999.06.30"]
[Round "?"]
[White "Beadle"]
[Black "Hossa"]
[Result "1-0"]
[WhiteElo "2667"]
[BlackElo "2389"]
[PlyCount "201"]

1. e4 c5 2. Nf3 d6 3. d4 cxd4 4. Nxd4 Nf6 5. Nc3 a6 6. Be2 e6 7. Bg5 Be7 8. Qd2
O-O 9. Rd1 Nbd7 10. Qe3 Nd5 11. exd5 Bxg5 12. f4 Bh4+ 13. g3 e5 14. Nf5 exf4
15. Qxf4 Bf6 16. Nxd6 Be5 17. Qb4 Qe7 18. Nce4 f5 19. Qb3 fxe4 20. Nxe4 Kh8 21.
d6 Qf7 22. Qxf7 Rxf7 23. Bc4 Rf5 24. Be6 Rh5 25. Bg4 Rh6 26. O-O Kg8 27. b4 a5
28. Rd5 Bb2 29. bxa5 b6 30. Bxd7 Bxd7 31. axb6 Bc6 32. Rfd1 Re6 33. Ng5 Bxd5
34. Rxd5 Re1+ 35. Kg2 Re2+ 36. Kf3 Rxc2 37. d7 Bf6 38. b7 Rb8 39. Ne4 Bd8 40.
Re5 Rxa2 41. Ng5 Ra3+ 42. Kg2 Bxg5 43. Re8+ Kf7 44. Rxb8 Rb3 45. h4 Be7 46.
d8=N+ Bxd8 47. Rxd8 Rxb7 48. Kf3 Rb6 49. Rd4 Rf6+ 50. Ke4 Rg6 51. Rd3 Ke6 52.
Re3 h5 53. Rc3 Rg4+ 54. Kf3 g5 55. hxg5 Rxg5 56. Rc6+ Kd5 57. Rb6 Kd4 58. Rb4+
Kd3 59. Rb3+ Kc4 60. Ra3 Kb4 61. Rd3 Kc5 62. Kf4 Rg8 63. Ra3 Kb5 64. Rc3 Kb4
65. Rc6 Rg4+ 66. Kf3 Rg5 67. Rc1 Ka5 68. Rb1 Ka4 69. Rb7 Rg8 70. Rb6 Ka5 71.
Rb3 Rg7 72. Rd3 Rf7+ 73. Ke4 Re7+ 74. Kf4 Kb4 75. Rd5 Rh7 76. Kg5 Kc4 77. Rf5
Kd4 78. Kh4 Ke3 79. Rxh5 Rf7 80. g4 Kf4 81. Rh6 Kf3 82. g5 Kg2 83. Rf6 Rh7+ 84.
Kg4 Rd7 85. g6 Rd3 86. Rf7 Rg3+ 87. Kf5 Rf3+ 88. Ke4 Rg3 89. g7 Rg5 90. Kf4 Rg3
91. Ra7 Rf3+ 92. Kg5 Rg3+ 93. Kf6 Rg4 94. Ra5 Kf2 95. Rg5 Rh4 96. g8=Q Rh6+ 97.
Ke5 Rb6 98. Qa2+ Rb2 99. Qxb2+ Kf1 100. Rg6 Ke1 101. Rg1# {Hossa checkmated}
1-0

[Event "ICS Rated blitz match"]
[Site "207.99.83.229"]
[Date "1999.06.30"]
[Round "?"]
[White "Hossa"]
[Black "Lundbotanmats"]
[Result "1-0"]
[WhiteElo "2384"]
[BlackElo "2144"]
[PlyCount "94"]

1. e4 e6 2. d4 d5 3. Nd2 dxe4 4. Nxe4 Nd7 5. Nf3 Ngf6 6. Bd3 Be7 7. Nxf6+ Nxf6
8. O-O O-O 9. Ne5 Nd7 10. Qh5 g6 11. Qe2 Nxe5 12. dxe5 Bg5 13. Bxg5 Qxg5 14.
Rad1 b6 15. Bb5 Qe7 16. Bc6 Rb8 17. Qe3 Bb7 18. Rd7 Qb4 19. Bxb7 Rxb7 20. b3
Qa3 21. Qf3 Rbb8 22. Rxc7 Qxa2 23. Qc3 Qa5 24. Qxa5 bxa5 25. f4 Rfc8 26. Rxc8+
Rxc8 27. Rc1 a4 28. bxa4 a5 29. c4 Kf8 30. c5 Ke8 31. Kf2 Kd7 32. Ke3 Kc6 33.
Rb1 Rd8 34. Rb5 Rd5 35. Rxa5 Rxc5 36. Ra7 Rc3+ 37. Kd4 Rc2 38. Rxf7 Rxg2 39.
Rxh7 Kb6 40. Re7 Rxh2 41. Rxe6+ Ka5 42. Rxg6 Kxa4 43. f5 Kb5 44. Kd5 Rd2+ 45.
Ke6 Kc5 46. f6 Rf2 47. f7 47... Rxf7 {Lundbotanmats resigns} 1-0

[Event "ICS Rated blitz match"]
[Site "207.99.83.229"]
[Date "1999.06.30"]
[Round "?"]
[White "Beadle"]
[Black "Hossa"]
[Result "1/2-1/2"]
[WhiteElo "2673"]
[BlackElo "2390"]
[PlyCount "215"]

1. e4 c5 2. Nf3 d6 3. d4 cxd4 4. Nxd4 Nf6 5. Nc3 Nc6 6. Bg5 e6 7. Qd2 a6 8. Bc4
Ne5 9. Be2 Be7 10. O-O O-O 11. Rad1 Qc7 12. f4 Nc6 13. Nxc6 bxc6 14. Bxf6 Bxf6
15. Kh1 Rb8 16. Qxd6 Qxd6 17. Rxd6 Rxb2 18. e5 Bd8 19. Bd3 c5 20. Na4 Rxa2 21.
Nxc5 a5 22. Rc6 Be7 23. Ne4 Bb7 24. Rc7 Bxe4 25. Bxe4 Bd8 26. Rd7 g6 27. Rb7
Kg7 28. Rd1 a4 29. g3 Kh6 30. Rdd7 Ra1+ 31. Kg2 a3 32. Rb4 a2 33. Ra7 g5 34.
Rba4 gxf4 35. Rxa2 Rxa2 36. Rxa2 fxg3 37. hxg3 Bc7 38. Ra8 Rxa8 39. Bxa8 Kg5
40. Kf3 Bxe5 41. Bc6 Bc3 42. Bd7 h5 43. Ke3 Kg4 44. Ke4 Kxg3 45. Be8 f5+ 46.
Kd3 Bf6 47. Bxh5 e5 48. c4 Be7 49. Bf7 Bc5 50. Bd5 Kf4 51. Ke2 e4 52. Be6 Ke5
53. Bc8 f4 54. Bg4 Kd4 55. Bh5 Kxc4 56. Bg4 Bd4 57. Be6+ Kc3 58. Kf1 f3 59. Bd5
Kd3 60. Bc6 f2 61. Bb5+ Kd2 62. Be2 Bc5 63. Bb5 e3 64. Bc4 Bd4 65. Ba6 Bc3 66.
Bc4 Bb2 67. Bb5 Bc3 68. Bc4 Bb2 69. Bb5 Be5 70. Bc4 Bg3 71. Be2 Bf4 72. Bc4 Bb8
73. Be2 Bd6 74. Bb5 Bb4 75. Be2 Be7 76. Ba6 Bf8 77. Bc4 Bc5 78. Bb5 Bd6 79. Bc4
Kd1 80. Bb3+ Kc1 81. Bc4 Be5 82. Ke2 Bd4 83. Bd3 Kb2 84. Bc4 Kc3 85. Ba6 Bb6
86. Bb5 Kd4 87. Kf3 Bc7 88. Bf1 Ba5 89. Be2 Bb4 90. Bf1 Bc3 91. Bb5 Bd2 92. Ba6
Be1 93. Bb5 Bc3 94. Ba6 Bb2 95. Bf1 Bc1 96. Ba6 Ba3 97. Kf4 Bb4 98. Be2 Bc5 99.
Kf3 Kc3 100. Kg2 Kd2 101. Kf1 Bb6 102. Bb5 Bd8 103. Be2 Bf6 104. Ba6 Bd4 105.
Bc4 Bh8 106. Bb5 Bg7 107. Be2 Bb2 108. Bb5 {Game drawn by repetition} 1/2-1/2

[Event "ICS Rated blitz match"]
[Site "207.99.83.229"]
[Date "1999.06.30"]
[Round "?"]
[White "Hossa"]
[Black "Beadle"]
[Result "1-0"]
[WhiteElo "2401"]
[BlackElo "2662"]
[PlyCount "125"]

1. e4 Nf6 2. Nc3 e5 3. Bc4 Nc6 4. d3 Bb4 5. Nf3 d5 6. exd5 Nxd5 7. Bd2 Bxc3 8.
bxc3 Qd6 9. O-O Be6 10. Rb1 O-O-O 11. Bb5 Nde7 12. Ng5 Bxa2 13. Ra1 Bd5 14. c4
Be6 15. Ne4 Qd4 16. Qc1 Qb6 17. Qa3 a5 18. Be3 Rd4 19. c3 Rhd8 20. cxd4 exd4
21. Bd2 Bf5 22. Bxa5 Nxa5 23. Qxe7 Bxe4 24. Qxe4 c6 25. Qf5+ Kb8 26. Rfb1 cxb5
27. Rxb5 Qe6 28. Rbxa5 Qxf5 29. Rxf5 Rd7 30. Rd5 Rxd5 31. cxd5 Kc7 32. Ra4 Kd6
33. Rxd4 h6 34. f4 g6 35. Kf2 b5 36. Ke3 f6 37. Rb4 Kxd5 38. Rxb5+ Ke6 39. f5+
gxf5 40. Rb7 Ke5 41. Re7+ Kd6 42. Rh7 Ke5 43. d4+ Ke6 44. Kf4 h5 45. h4 Kd5 46.
Kxf5 Kxd4 47. Rd7+ Ke3 48. Rd2 Kxd2 49. g4 hxg4 50. Kxg4 Kd3 51. Kf5 Kc2 52.
Kxf6 Kc3 53. h5 Kb2 54. h6 Kb3 55. h7 Kb4 56. h8=Q Kc3 57. Ke5 Kd3 58. Qc8 Ke2
59. Qc3 Kf2 60. Kf4 Ke2 61. Qc2+ Kf1 62. Kf3 Kg1 63. Qg2# {Beadle checkmated}
1-0

[Event "ICS Rated blitz match"]
[Site "207.99.83.229"]
[Date "1999.06.30"]
[Round "?"]
[White "Beadle"]
[Black "Hossa"]
[Result "1-0"]
[WhiteElo "2636"]
[BlackElo "2427"]
[PlyCount "162"]

1. e4 c5 2. c3 Nf6 3. e5 Nd5 4. d4 cxd4 5. Nf3 Nc6 6. cxd4 d6 7. Bc4 Nb6 8. Bb5
dxe5 9. Bxc6+ bxc6 10. Nxe5 e6 11. Qf3 Bb4+ 12. Bd2 Bxd2+ 13. Nxd2 O-O 14. Nb3
Qd5 15. Rc1 Na4 16. Rc2 f6 17. Nxc6 Qxf3 18. gxf3 Bb7 19. Nba5 Ba6 20. b3 Nb6
21. Nb4 Bb5 22. Rc5 Bd7 23. O-O e5 24. d5 Bh3 25. Rfc1 Rad8 26. Nc4 Kh8 27. Ne3
Rf7 28. a4 Rb7 29. Rb5 Rf7 30. Nc6 Rc7 31. a5 Nc8 32. Rc4 Nd6 33. Nxd8 Nxb5 34.
Rxc7 Nxc7 35. Nf7+ Kg8 36. Nd6 Kf8 37. b4 f5 38. Ndxf5 Nxd5 39. b5 Nb4 40. b6
axb6 41. axb6 Nc6 42. b7 Nb8 43. Kh1 g6 44. Nd6 Ke7 45. Ndc4 Kd7 46. Nxe5+ Kc7
47. N3g4 Bxg4 48. fxg4 Kxb7 49. Kg2 Kc7 50. f4 Kd6 51. Kf3 Kd5 52. Ke3 g5 53.
Nf7 gxf4+ 54. Kxf4 Nd7 55. Ng5 Nf8 56. Kf5 Kd6 57. Kf6 Kd5 58. Kg7 Ke5 59. Kxf8
Kf4 60. Nh3+ Kxg4 61. Ng1 h5 62. Kg8 Kh4 63. Kf7 Kg4 64. Kg6 Kh4 65. h3 Kg3 66.
Kxh5 Kf4 67. h4 Kf5 68. Nh3 Kf6 69. Kh6 Kf5 70. h5 Kf6 71. Ng5 Kf5 72. Nh7 Ke4
73. Kg5 Ke5 74. Nf6 Ke6 75. h6 Kf7 76. Kf5 Kf8 77. Kg6 Ke7 78. h7 Ke6 79. h8=Q
Kd6 80. Qc8 Ke5 81. Qd8 81... Kf4 {Hossa resigns} 1-0

[Event "ICS rated bullet match"]
[Site "207.99.83.229"]
[Date "1999.06.30"]
[Round "?"]
[White "Hossa"]
[Black "Beadle"]
[Result "0-1"]
[WhiteElo "2492"]
[BlackElo "2420"]
[Annotator "Fritz 5.32 (22s)"]
[PlyCount "124"]

1. e4 1... c6 {Opening = B18 - 4.Ne4 Bf5 5.---} 2. d4 d5 3. Nc3 dxe4 4. Nxe4
Bf5 5. Ng3 Bg6 6. Nf3 Nd7 7. Bd3 Qa5+ (7... e6 8. O-O Bd6 9. Re1 Qc7 10. Nf5
Bxf5 11. Bxf5 O-O-O 12. Bd3 Ngf6 13. c4 h6 14. g3 c5 15. b4 e5 16. dxc5 Bxc5
17. bxc5 e4 18. Bxe4 Nxe4 19. Rxe4 Nxc5 20. Rd4 Rxd4 21. Qxd4 Rd8 22. Qg4+ {
1-0 Petermann,H-Omarsson,H/VISA GP, Reykjavik ISL 1998 (22)}) 8. Bd2 8... Qb6
$146 (8... Qc7 9. Bxg6 hxg6 10. Qe2 e6 11. Ne4 O-O-O 12. g3 c5 13. Bf4 Qc6 14.
O-O-O c4 15. Nc3 Nh6 16. d5 exd5 17. Rxd5 Bc5 18. Rhd1 f6 19. Rd6 Bxd6 20. Rxd6
Qc5 21. Rd5 {1-0 Spassky Boris V-Larsen Bent/It cat.14 1978 (21)}) 9. Qe2 Bxd3
10. Qxd3 Qxb2 11. O-O 11... Qb5 $11 (11... Qb6 12. Rab1 Qc7 13. Ne2 $15) 12. c4
$15 (12. Qxb5 cxb5 13. Rfb1 13... b6 $11) 12... Qa6 13. Rfe1 13... e6 {
Schwarz muss dringend die Entwicklung vorantreiben.} 14. Bg5 $17 {
Haelt den Koenig im Zentrum fest} (14. Rab1 14... Ngf6 $15) 14... Ngf6 $15 (
14... Nb6 15. Nd2 $17) 15. a3 $17 {Staerkt b4} (15. Rab1 15... Be7 $15) 15...
Be7 16. a4 Nb6 (16... Rd8 17. Qe2 $17) 17. Ne5 (17. a5 17... Nc8 $15 (17...
Qxc4 18. Qb1 $15)) 17... Nxa4 $11 (17... Rd8 $5 $17 $142) 18. Qc2 $15 (18. d5
cxd5 (18... exd5 $143 19. Qc2 $11) 19. Qc2 19... O-O $14) 18... b5 19. d5 $17 {
Weiss erobert Raum} (19. Nf5 exf5 20. Bxf6 gxf6 21. cxb5 21... cxb5 $11) 19...
Nxd5 ({Schlechter ist} 19... exd5 20. cxb5 cxb5 21. Nc6 $18) 20. cxd5 Bxg5 21.
dxe6 21... fxe6 {Deckt f5. .} 22. Nxc6 $17 (22. Nf3 Bf6 23. Rxe6+ 23... Kf8 $18
) 22... O-O 23. Rxe6 23... Qc8 $11 (23... Qb7 $5 $15 $142 {
bedarf naeherer Analyse}) 24. Re5 Bf6 25. Rxb5 25... a6 $4 $18 (25... Nb6 $14
$142 {war der einzige Versuch}) 26. Rf5 $1 {die Entscheidung} 26... Qxf5 27.
Nxf5 Bxa1 28. Nfe7+ Kh8 29. Qxa4 Bf6 30. Nd5 Rf7 31. h4 Bb2 32. Qa2 Rb7 33. h5
h6 34. Kf1 a5 35. Nxa5 $4 $11 {danach wendet sich das Blatt} (35. Qb1 $142 {
Weiss haette nun das bessere Spiel} 35... a4 36. Nde7 $18) 35... Rb5 36. Ne7
Rbxa5 37. Ng6+ Kh7 38. Qf7 Bd4 39. Nf8+ Kh8 40. Ne6 Ra1+ 41. Ke2 R8a2+ 42. Kd3
{Droht Matt} 42... Rd1+ 43. Kc4 (43. Ke4 Re2+ 44. Kd5 Bf6+ (44... Bxf2+ $143
45. Kc4 Re4+ 46. Kb3 Rxe6 47. Qxe6 $16) 45. Kc6 Rc2+ (45... Rxf2 $4 {
der kann natuerlich nicht genommen werden} 46. Qe8+ Kh7 47. Nf8+ Kg8 48. Ng6+
Kh7 49. Qh8#) 46. Nc5 46... Rd8 $19 (46... Rxf2 $6 {ist klar schwaecher} 47.
Qe8+ Kh7 48. Qg6+ Kg8 49. Qe8+ Kh7 50. Qg6+ Kg8 51. Qe8+ 51... Kh7 $11)) 43...
Rc2+ 44. Kd5 $4 $19 {fuehrt zu weiterem Ungemach} (44. Kb3 $142 44... Rc3+ $1 {
nun hat Schwarz die besseren Moeglichkeiten} 45. Ka2 Ra1+ 46. Kxa1 Rc7+ 47.
Nxd4 Rxf7 48. f3 $19) 44... Bb6+ (44... Bxf2+ {scheitert an} 45. Ke4 Re1+ 46.
Kd3 Rxe6 47. Qxe6 $16) 45. Ke4 {Mit der Mattdrohung Qxg7} 45... Re2+ 46. Kf5
Rxf2+ 47. Nf4 47... Rxf4+ $1 {nicht am Material kleben ist die Devise} 48. Kxf4
Rf1+ 49. Ke5 {Es droht Matt} 49... Rxf7 50. Ke6 (50. Ke4 {aendert nichts mehr}
50... Bc7 $19) 50... Rf2 51. g4 Rf4 52. Ke5 Rxg4 53. Kd5 Rg5+ 54. Kc6 Rxh5 (
54... g6 {und Schwarz haette es noch leichter} 55. hxg6 Rxg6+ 56. Kd5 $19) 55.
Kxb6 55... g5 {Es droht Matt. Schwarz fuehrt die Partie kraftvoll zu Ende} 56.
Kc5 g4+ 57. Kd4 57... g3 {Droht Matt: g2} 58. Ke4 g2 59. Kd3 (59. Kf3 {
waere gleichermassen fruchtlos} 59... g1=Q 60. Ke4 Qg4+ 61. Kd3 Rh3+ 62. Kd2
Qg2+ 63. Ke1 Rh1#) 59... g1=Q 60. Kc2 (60. Ke4 {
kann das Vorangegangene nicht ungeschehen machen} 60... Qg4+ 61. Kd3 Rh3+ 62.
Kd2 Qg2+ 63. Ke1 Rh1#) 60... Rh3 61. Kb2 (61. Kd2 {hilft auch nicht mehr} 61...
Qf2+ 62. Kd1 Rh1#) 61... Qg2+ 62. Kc1 Rh1# 0-1

[Event "ICS rated blitz match"]
[Site "207.99.83.229"]
[Date "1999.06.30"]
[Round "?"]
[White "Yousef"]
[Black "Hossa"]
[Result "0-1"]
[WhiteElo "2213"]
[BlackElo "2420"]
[Annotator "Fritz 5.32 (22s)"]
[PlyCount "50"]

1. e3 1... e5 {Opening = 1.---} 2. Nc3 Nf6 3. g3 (3. e4 3... Bb4 $11) 3... d5
4. Bg2 4... Bd6 $14 (4... Nc6 $5 $15 $142 {und Schwarz kann noch kaempfen}) 5.
d4 $11 (5. Nxd5 $5 $142 {ist zu ueberlegen} 5... Nxd5 6. Bxd5 $14) 5... Nc6 $14
(5... Bg4 $5 {steht zur Diskussion} 6. Qd3 exd4 7. exd4 7... c6 $11) 6. Nge2
$15 (6. dxe5 $5 $142 {muss unbedingt geprueft werden} 6... Nxe5 7. Nxd5 $14)
6... O-O $14 (6... e4 $5 $15 {ist zu erwaegen}) 7. O-O $11 (7. dxe5 $5 7...
Bxe5 8. Nxd5 Nxd5 9. Bxd5 $11) 7... Bg4 $14 (7... e4 $5 $11 {
muss erwogen werden}) 8. h3 $11 (8. Nxd5 Nxd5 9. Bxd5 9... Bh3 $14) 8... Bf5
$14 (8... Be6 9. dxe5 Bxe5 10. f4 Bxc3 11. Nxc3 $11) 9. dxe5 {Wird d5 fallen?}
9... Nxe5 $16 (9... Bxe5 10. g4 Bxc3 11. Nxc3 $14) 10. Nxd5 Nxd5 11. Qxd5 ({
Und nicht} 11. Bxd5 11... Bxh3 12. Bg2 Bxg2 13. Kxg2 13... Re8 $15) 11... Qd7
12. Kh2 12... c6 $16 (12... Bxc2 13. Qxb7 Rfb8 14. Qd5 $11) 13. Qd1 Rad8 14. c3
$14 (14. f4 $5 14... Nc4 15. e4 $16) 14... Be6 $16 (14... Nd3 15. Nd4 Bg6 16.
Qa4 $14) 15. Qc2 (15. f4 15... Ng6 $16) 15... a5 $2 $18 (15... Ng6 $16 $142)
16. e4 $4 $16 {vergibt den Vorteil} (16. f4 $18 $142 {und nichts geht mehr})
16... Qe7 17. f4 17... Nd7 {
Schwarz zwingt den Gegner mit starken Drohungen nieder} 18. e5 Bc7 19. f5 $11 (
19. b3 $5 $16 $142) 19... Bc4 20. f6 Qxe5 21. Bf4 (21. fxg7 Qxg7 22. Bf4 22...
Ne5 $14) 21... Qxe2 22. Qxe2 Bxe2 23. Rfe1 $4 $19 {fuehrt zu weiteren Sorgen} (
23. Bxc7 $142 23... Bxf1 24. fxg7 $17) 23... Bxf4 24. gxf4 (24. Rxe2 Bc7 25.
fxg7 Rfe8 26. Rxe8+ 26... Rxe8 $19) 24... Rde8 25. fxg7 Kxg7 (25... Kxg7 26. b4
axb4 27. cxb4 27... Re7 $19) 0-1

[Event "ICS rated standard match"]
[Site "207.99.83.229"]
[Date "1999.06.30"]
[Round "?"]
[White "Hossa"]
[Black "Spendrups"]
[Result "0-1"]
[WhiteElo "2238"]
[BlackElo "2123"]
[Annotator "Fritz 5.32 (22s)"]
[PlyCount "77"]

1. e4 1... d6 {Opening = 4.Nf3 Bg7 5.Be2 0-0 6.0-0 ---} 2. d4 Nf6 3. Nc3 g6 4.
Nf3 Bg7 5. Be2 O-O 6. O-O c6 7. Bg5 h6 8. Bd2 (8. Bf4 Nbd7 (8... Bg4 9. h3 Bxf3
10. Bxf3 Nfd7 11. Qd2 Kh7 12. Rad1 e5 13. Be3 Nb6 14. b3 N8d7 15. a4 a5 16.
dxe5 dxe5 17. Bg4 f5 18. exf5 gxf5 19. Bxb6 Qxb6 20. Qxd7 fxg4 21. Qxg4 Rf4 22.
Qe2 Raf8 23. Ne4 {Evgeny,S-Khvorostinin/Yalta (Ukraine) 1995/1-0 (40)}) 9. Qd2
g5 10. Bg3 Nh5 11. a4 Nxg3 12. hxg3 e6 13. Rfe1 f5 14. Bd3 d5 15. e5 c5 16.
Nxd5 cxd4 17. Nb4 a5 18. Na2 g4 19. Nxd4 Nxe5 20. Bb5 Nc6 21. Bxc6 Qxd4 22.
Qxd4 22... Bxd4 {Varavin,V-Pospelov,E/Kobanya op 1992/ - (45)}) 8... Qc7 9. Qc1
Kh7 10. e5 $146 {Weiss gewinnt Raum} (10. h3 e5 11. dxe5 dxe5 12. Be3 Nh5 13.
Rd1 Re8 14. Qd2 Bf8 15. Nh2 Nf6 16. a3 Nbd7 17. Ng4 Nxg4 18. Bxg4 Nf6 19. Bxc8
Raxc8 20. Qe2 b5 21. Qf3 Be7 22. Rd3 Rcd8 23. Rad1 a5 24. Ne2 24... b4 {
Jovanovac Ivan-Matulovic Milan/Vinkovci (4) 1968/ - (48)}) 10... dxe5 11. dxe5
$15 (11. Nxe5 Nfd7 12. Nc4 e5 13. dxe5 13... Nxe5 $11) 11... Ng4 12. Bf4 Nxe5
13. Nxe5 Bxe5 14. Bxh6 $17 (14. Bxe5 Qxe5 15. Re1 15... Qf6 $15) 14... Rd8 $11
(14... Bxh2+ $5 15. Kh1 15... Rh8 $17) 15. Qg5 $2 $17 (15. h3 $5 $11 $142 {
und Weiss spielt mit}) 15... Bxh2+ 16. Kh1 Be5 17. Qh4 17... Rh8 {
Schwarz geht zum Angriff ueber} 18. g4 (18. Rfd1 $5 $19) 18... Kg8 19. g5 Bf5
20. Rad1 Bxc2 21. Rd2 Bf5 22. Bf3 (22. Rc1 22... Be6 $19) 22... Bf4 23. Rd4 e5
24. Ne4 {Es droht Matt} 24... Bxe4 $1 {glaenzend gespielt} 25. Rxe4 Na6 26. Rg1
(26. b4 f5 27. Rc4 27... Qf7 $19) 26... Rd8 (26... Nc5 {
waere im Gewinnsinne praeziser} 27. Rc4 Ne6 28. Bd5 $19) 27. b3 Nc5 28. Rc4 Qa5
(28... Ne6 $5 {erleichterte Schwarz die Gewinnfuehrung} 29. Ra4 $19) 29. Bg4 (
29. b4 Qa3 30. Rxf4 exf4 31. Bxc6 bxc6 32. bxc5 Qf3+ 33. Rg2 33... f6 $19)
29... Nd3 30. Kg2 Ne1+ 31. Kf1 31... Qxa2 $1 {triumphiert} 32. Re4 Nc2 (32...
Qa6+ $5 {laesst dem Gegner kaum Chancen} 33. Be2 Qa1 34. Qh1 $19) 33. Rh1 Rd2
34. Rg1 (34. Bf3 {macht keinen grossen Unterschied} 34... Nd4 35. Rxd4 Qa1+ (
35... exd4 $2 36. Qxf4 Rxf2+ 37. Kg1 $18) 36. Kg2 36... Qxd4 $19) 34... Qxb3
35. Kg2 (35. Qh3 {holt die Kuh nicht vom Eis} 35... Qb6 36. Qf3 Nd4 37. Rxd4
37... Qxd4 $19 (37... exd4 38. Qxf4 Ra2 39. Qf6 Ra1+ 40. Kg2 Rxg1+ 41. Kxg1 $18
)) 35... Ne3+ 36. Rxe3 Qxe3 37. Rf1 (37. Rd1 {
aendert nichts am Ausgang der Partie} 37... a5 $19) 37... f5 38. Bf3 Rh7 39.
Bh5 0-1